Catálogo
 En Linea

Cartas desde el Ponto / (Registro nro. 5242)

Detalles MARC
000 -CABECERA
campo de control de longitud fija 00998nam a2200253 a 4500
001 - NÚMERO DE CONTROL
campo de control 000005442
005 - FECHA Y HORA DE LA ÚLTIMA TRANSACCIÓN
campo de control 20200929151659.0
008 - DATOS DE LONGITUD FIJA--INFORMACIÓN GENERAL
campo de control de longitud fija 090819s2000 es 001 0 spa d
020 ## - NÚMERO INTERNACIONAL ESTÁNDAR DEL LIBRO
Número Internacional Estándar del Libro 8400078187
040 ## - FUENTE DE LA CATALOGACIÓN
Centro catalogador/agencia de origen DO-SdBNP
Lengua de catalogación spa
Centro/agencia transcriptor BNPHU
082 ## - NÚMERO DE LA CLASIFICACIÓN DECIMAL DEWEY
Número de clasificación xxxx
Número de documento/Ítem O969c
049 ## - FONDOS LOCALES (OCLC)
Fondos de biblioteca BNPD
100 1# - ENTRADA PRINCIPAL--NOMBRE DE PERSONA
Nombre de persona Ovidio Nasón, Plubio
9 (RLIN) 15460
245 10 - MENCIÓN DE TÍTULO
Título Cartas desde el Ponto /
Mención de responsabilidad, etc. Plubio Ovidio Nasón ; introducción, texto de los libros I, III y IV traducción y notas de Ana Pérez Vega; texto y traducción del libro II Francisco Socas Gavilán.
260 ## - PUBLICACIÓN, DISTRIBUCIÓN, ETC.
Lugar de publicación, distribución, etc. Madrid :
Nombre del editor, distribuidor, etc. Consejo Superior de Investigaciones Científicas,
Fecha de publicación, distribución, etc. 2000.
300 ## - DESCRIPCIÓN FÍSICA
Extensión 252 p. ;
Dimensiones 22 cm.
490 1# - MENCIÓN DE SERIE
Mención de serie Autores griegos y latinos
504 ## - NOTA DE BIBLIOGRAFÍA, ETC.
Nota de bibliografía, etc. Incluye bibliográficas (p. 99 -64)
500 ## - NOTA GENERAL
Nota general Incluye referencias biblográficas y notas al pie de las páginas
500 ## - NOTA GENERAL
Nota general Texto en latín
700 1# - PUNTO DE ACCESO ADICIONAL--NOMBRE DE PERSONA
Nombre de persona Pérez Vega, Ana
Término indicativo de función/relación int.
9 (RLIN) 15461
700 1# - PUNTO DE ACCESO ADICIONAL--NOMBRE DE PERSONA
Nombre de persona Socas Gavilán, Francisco
Término indicativo de función/relación tr.
9 (RLIN) 15462
830 #0 - PUNTO DE ACCESO ADICIONAL DE SERIE-TÍTULO UNIFORME
Título uniforme Autores griegos y latinos
9 (RLIN) 15129
Existencias
Estado de retiro Estado de pérdida Restricciones de uso No para préstamo Código de colección Localización permanente Ubicación/localización actual Ubicación en estantería Fecha de adquisición Número de inventario Total de préstamos Signatura topográfica completa Código de barras Fecha visto por última vez Precio válido a partir de Tipo de ítem Koha
    Préstamo interno   Monografías: Libros y Folletos General General En catalogación 19.08.2009 LF1   xxxx O969c 5442-10 25.06.2020 25.06.2020 Préstamo interno

Con tecnología Koha